Σαμιακά : προδημοσίευση επιλογών από τα Θέματα νέας ελληνικής ιστορίας (τόμοι Α'-Β', Ηρόδοτος, Αθήνα, 2010, σελ. 279-345, 347-399, 401-410, 437-454, 581-648 και 681-700)
Αποθηκεύτηκε σε:
| Κύριος συγγραφέας: | |
|---|---|
| Μορφή: | Βιβλίο |
| Γλώσσα: | Greek |
| Δημοσίευση: |
Αθήνα :
Μυρμιδόνες,
c2010.
|
| Θέματα: | |
| Ετικέτες: |
Προσθήκη ετικέτας
Δεν υπάρχουν, Καταχωρήστε ετικέτα πρώτοι!
|
MARC
| LEADER | 00000nam a2200000 a 4500 | ||
|---|---|---|---|
| 001 | 1/127191 | ||
| 008 | 230831s2010####gr | ||| |||| ||gre|| | ||
| 020 | |a 9789609927918 | ||
| 040 | |a GR-MyUa |b gre |c GR-MyUa |e AACR2 | ||
| 041 | 0 | |a gre | |
| 082 | 7 | |a 938.401 |2 (23) | |
| 100 | 1 | |a Σακελλαρίου, Μιχαήλ Β., |d 1912-2014. | |
| 245 | 1 | 0 | |a Σαμιακά : |b προδημοσίευση επιλογών από τα Θέματα νέας ελληνικής ιστορίας (τόμοι Α'-Β', Ηρόδοτος, Αθήνα, 2010, σελ. 279-345, 347-399, 401-410, 437-454, 581-648 και 681-700) / |c Μιχαήλ Β. Σακελλαρίου. |
| 260 | |a Αθήνα : |b Μυρμιδόνες, |c c2010. | ||
| 300 | |a 942 σ. ; |c 24 εκ. | ||
| 504 | |a Περιλαμβάνει βιβλιογραφικές παραπομπές. | ||
| 651 | 0 | |a Samos (Greece : Municipality) |x History |x Sources. | |
| 852 | |a INST |b LESVOS |e 20230831 |h 938.401 ΣΑΚ |p 005100065075 |q 005100065075 |t BK |y 0 | ||
| 970 | |a Καμάτσου |b Δέσποινα |z 31-08-2023 | ||